000 01663nam a2200373 c 4500
003 BLK
005 20240826160612.0
008 180409b bul|||||r ||||||| ||bul||
010 _aKNG00140412000
020 _a978-954-28-0987-6
_bиздат.: Сиела Норма
040 _aBLK
041 _aBUL
_cBUL
072 7 _2bullib
_aН15
_xПсихология Н
080 _aПсихология на детската възраст. Интелектуално развитие на децата. Психически особености. Детски представи, описани в разкази
_b159.922.7
_x
_z159.922.7
080 _aВъзпитание у дома. Семейно възпитание
_b37.018.1
_x
_z37.018.1
100 1 _aДаскалова, Стела
_eпърви автор
_9324432
139 _aДаскалова, Стела
_bД 24
245 1 0 _aВсичко започва от детството
_bДетето в нас и до нас
_cСтела Даскалова.
257 _aBGR
260 София
_bСиела Норма
_c2011
300 _a228 с.
_c21 см
380 _a3
650 4 _aДетска и педагогическа психология
_9244538
650 4 _aСемейно възпитание
_9263959
653 _aдетска психология
653 _aпедагогическа психология
659 _aН
852 _aЦб 258636
856 4 _qpdf
_u
856 4 _qpdf
_u
942 _cKNG
_n0
_018
944 _aCR
_c07.03.2013
_lМартин Енчев
_k30575
944 _aED
_c03.11.2016
_lф /
_kВиолета_Тройчева
999 _c134498
_d134498